000 00463nam a22001937a 4500
003 MPLRDC
005 20220104114022.0
008 210129b ||||| |||| 00| 0 eng d
020 _a957-639-080-X
082 _a830.8 EYCS v.267
100 _a张春荣
245 _a青鸟莲花
_c
250 _a初版
260 _a
_b尔雅出版社
_c1992
300 _b
490 _a尔雅丛书. 267
650 _a中国文学总集
942 _cBK
_o830.8 EYCS v.267
999 _c4170
_d4160